000 00292nam a2200121Ia 4500
008 240731s9999 xx 000 0 und d
022 _a2155-1359
245 0 _aNuclear Information
260 _bRoutledge
856 _uhttps://www.tandfonline.com/loi/vzni20
942 _2ddc
942 _cTFEJ
999 _c78763
_d78763
945 _a1
_bMadushi Gamage
_c1
_dMadushi Gamage